| 000 | 00741cam a2200229 a 4500 | ||
|---|---|---|---|
| 001 | 20418 | ||
| 003 | BD-RjUL | ||
| 005 | 20211209000549.0 | ||
| 008 | 140301r19471926enka 001 0 eng d | ||
| 035 |
_aOCLC ocm02546394 from D970423M _a(BD-RjUL)20480 |
||
| 040 |
_aDLC _cOHI _dOCL _dEQO _dBD-RjUL _beng |
||
| 041 | _aeng | ||
| 082 |
_a915.42 _bYOE 1947 |
||
| 100 | 1 |
_aYounghusband, Francis _d1863-1942. _962959 |
|
| 245 | 1 | 4 |
_aThe epic of Mount Everest / _c Sir Francis Younghusband. |
| 260 |
_aLondon : _bE. Arnold, _c1926 [reprinted 1947] |
||
| 300 |
_a319 p. : _bfront., ill. (maps) plates, ports. ; _c18 cm. |
||
| 651 | 0 |
_aEverest, Mount (China and Nepal) _935381 |
|
| 942 |
_2ddc _cBK |
||
| 999 |
_c20418 _d20418 |
||